00662nam a2200217Ia 4500008004100000050001000041050001400051100002300065245007800088245004900166260001800215260005700233260000900290300001500299300002000314300001000334500003800344650003000382700002100412700001100433171120s9999 xx 000 0 und d a658.5 bD537 2013 aDiamante, Melva M. 2aA handbook on how to develop an effective performance management system / cby Melva M. Diamante and Ruel A. Montenegro. aLas Piñas : bSouthville International Colleges Sys. Publications, c2013 a32 pages : billustrations ; c28cm. aIncludes bibliographic reference. aManagement of production. aMontenegro, Rue. aTitle.